00681nam a2200217Ia 4500003000400000005001700004008004100021040000700062041000800069082002300077100004400100245001900144260004500163365001200208650002200220650002700242906002100269942001200290999001900302952014200321OSt20230516111233.0210423s1990 xx 000 0 und d cAL aeng a338.954 223bDATI aDATT (Ruddar);SUNDHARAM (K P M)9104940 aIndian economy aNew DelhibOxford University Pressc1990 b16cINR aEconomics9104941 aIndian Economy9104942 aeconomy ; Indian 2ddccBK c172182d172182 001040708MSWaSACPGbSACPGd2001-11-29eIntel Book Distributersg16.00l0o338.954 DATIpPG018720r2022-08-24 00:00:00w2021-04-26yBK